| 000 | 00940cam a22002054a 4500 | ||
|---|---|---|---|
| 005 | 20250605164000.0 | ||
| 008 | 250528s ||||||||||||||||||||||||d | ||
| 035 | _a15609 | ||
| 020 | _a713127325 | ||
| 040 |
_aGR-AtMCL _bgre _dGR-AtMCL _eAACR2 |
||
| 245 | 1 | _aBasic / An Introduction to Programming | |
| 260 | _c1978 | ||
| 300 | _a90 | ||
| 520 | _aThis short text gives priority to two objectives which will greatly aid the learning process. Preface, Introduction, Getting Started in Basic, The Arithmetic of Basic, Communicating with Basic, Repeating Calculations, Making Decisions, Built in Functions, Program Loops, Printing and Graph Plotting, Defining Functions, Working with Lists, Character Strings, Assigning Values in Advance, Subroutines, Working with Tables, A Summary of Basic Basic, Index. | ||
| 700 | 1 |
_aEdward Arnold _9242 |
|
| 700 | 1 |
_aMonro Donald M _91575 |
|
| 942 | _cBK | ||
| 999 |
_c1179 _d1179 |
||